Célegyenesben a felsőoktatási törvény A vége láthatatlan
Elmentve itt :
| Dokumentumtípus: | Cikk |
|---|---|
| Megjelent: |
2005-04-30
|
| Sorozat: | Heti Világgazdaság
|
| Kulcsszavak: | Felsőoktatási reform, Oktatás, Bolognai rendszer |
| Online Access: | http://univ.bibl.u-szeged.hu/28686 |
| LEADER | 00506nab a2200157 i 4500 | ||
|---|---|---|---|
| 001 | univ28686 | ||
| 005 | 20171214104454.0 | ||
| 008 | 171214s2005 hu o 0|| zxx d | ||
| 040 | |a SZTE UnivHistória Repozitórium |b hun | ||
| 041 | |a zxx | ||
| 245 | 0 | 0 | |a Célegyenesben a felsőoktatási törvény |h [elektronikus dokumentum] : |b A vége láthatatlan |
| 260 | |c 2005-04-30 | ||
| 300 | |a 8-11 | ||
| 490 | 0 | |a Heti Világgazdaság | |
| 561 | |a Egyetemi hirarchívum | ||
| 695 | |a Felsőoktatási reform, Oktatás, Bolognai rendszer | ||